Регионална библиотека "Любен Каравелов" - Русе

Прах в прахта (Запис номер 140448)

MARC детайли
000 -Лидер
Контролно поле с фиксирана дължина 01325nam a2200325 a 4500
003 - Код на организацията, давaща контролен номер
Контролно поле BLK
005 - Дата и час на последна редакция
Контролно поле 20240826180444.0
008 - Елементи от данни с фиксирана дължина
fixed length control field 180409b bul|||||r ||||||| ||bul||
020 ## - Международен стандартен номер на книга ISBN
Международен стандартен номер на книга ISBN 9789548186650
040 ## - Източник на каталожния запис
Идентификатор на билиотеката - собственик на записа BLK
041 ## - Код за език
Код за езика на текст/звукозапис или на отделно заглавие Български
Код за езика КДБФ Български
080 ## - УДК
Текстов определител УДК Американска литература (на САЩ)
УДК код - определител по УДК 821.111(73)
УДК определител -312.4
УДК - код + определител 821.111(73)-312.4
100 ## - Редна дума - Автор
Автор Хоуг, Тами
R(LIN) 249554
139 ## - Редно поле
Редна дума Хоуг, Тами
Авторски знак Хот - Х 70
245 10 - Сведения за заглавието
Заглавие Прах в прахта
Подзаглавни данни Роман
Редно поле (дума) Тами Хоуг ; [прев. Милена Томова].
250 ## - Област на изданието
Сведения за изданието 2. изд.
257 ## - Страна на издаване
Страна на създаване/издаване Съединени американски щати
260 ## - Област на издателските данни
Място на издаване, разпространение и проч. София
Име на издателя, разпространителя и проч. СББ Медиа
Година на издаване 2011
Печатница София : Инвестпрес
9 (RLIN) 219405
Информация за издателството Санома Блясък България
Издателство - префикс ISBN 978-954-399-
300 ## - Физическа характеристика
Страници 296 с.
Размери/Мащаб 20 см
380 ## - Жанр
Жанр Худож. лит.
490 ## - СЕРИИ (Колекции)
Име на серия Кралиците на трилъра
9 (RLIN) 206280
500 ## - Общи забележки
Забележка 1. изд. 2001 на изд. Бард. - Ориг. загл.: Dust to dust / Tami Hoag. - Разпространява се със сп. Story.
700 ## - Други автори (авторска отговорност)
Лично име Томова, Милена Томова
Автороска отговорност (Описва отношението между автора и произведението) прев.
9 (RLIN) 487229
852 ## - Местоположение
Форматна сигнатура Цб 261711
Фондова буква Хранилище
852 ## - Местоположение
Фондова буква Заемна - подръчен фонд
Систематично-азбучна сигнатура 821-31/Х 70 Т
856 4# - Електронен адрес и достъп
Електронен формат pdf - файл
Инструкция (цена за достъп) 0.00
Права за достъп disable
856 4# - Електронен адрес и достъп
Електронен формат pdf - файл
Инструкция (цена за достъп) 0.00
Права за достъп disable
999 ## - СИСТЕМНИ КОНТРОЛНИ НОМЕРА
Koha biblionumber 140448
Koha biblioitemnumber 140448
942 ## - АРТИКУЛИ
Вид на библиотечния материал Книги
Скрит в OPAC Не
Периодичен библиозапис Да
Koha issues (borrowed), all copies 3
944 ## - СЪЗДАВАНЕ И РЕДАКЦИЯ на ЗАПИСА
Създаване/Редакция Редакция
Дата на регистрацията/редакция 2023-03-28
Служител, извършил регистрацията/редакцията 30575
Статус, дата на статуса Мартин Енчев
Наличности
Код за отписване Код за изгубен артикул Код за повреда Коз за рестрикции Код за отдаване Артикулен № Име на библиотеката - собственик Име на библиотеката, в която се намира в момента Статус (Текущо местоположение) Дата на вписване в системата Местоположение - отдел Цена в лева Инвентарен номер Систематично азбучна сигнатура Баркод Номер на екземпляра Цена в евро Служебна бележка Служебен тип на артикула Източник на класификационната схема
  Не е изгубен Не е повреден без рестрикции ползва се в читалня 230342 Регионална библиотека "Любен Каравелов" Русе Регионална библиотека "Любен Каравелов" Русе Хранилище 2013-07-22 Хранилище 8.00 120000768401 Цб 261711 120000768401 1 4.09 Дост: Dp Вид: Д N: 17 Дата: 24.04.2012 Книги  
Изтеглен Не е изгубен Не е повреден без рестрикции заемане за дома 230343 Регионална библиотека "Любен Каравелов" Русе Регионална библиотека "Любен Каравелов" Русе Заемна - подръчен фонд 2015-12-28 Заемна - подръчен фонд 8.00 120000796452 П 820(73)-31/Х 70 120000796452 2 4.09 Дост: DA Вид: А N: 27 Дата: 28.12.2015 Книги Universal Decimal Classification
  Не е изгубен Не е повреден без рестрикции заемане за дома 926233 Регионална библиотека "Любен Каравелов" Русе Регионална библиотека "Любен Каравелов" Русе Заемна - подръчен фонд 2023-03-31 Заемна - подръчен фонд 8.00 120000885420 821-31/Х 70 Т 120000885420   4.09   Книги Universal Decimal Classification
Vip Innovations Ltd, Rousse, Bulgaria 2025